[Event "World Blitz 2016"]
[Site "Doha QAT"]
[Date "2016.12.29"]
[Round "5.6"]
[White "Nepomniachtchi, Ian"]
[Black "Cheparinov, Ivan"]
[Result "1/2-1/2"]
[WhiteTitle "GM"]
[BlackTitle "GM"]
[WhiteElo "2767"]
[BlackElo "2689"]
[WhiteFideId "4168119"]
[BlackFideId "2905540"]
[EventDate "2016.12.29"]

1. e4 e5 2. Nf3 Nc6 3. Bc4 Bc5 4. O-O d6 5. c3 Nf6 6. d3 h6 7. a4 a5 8. h3 O-O
9. Re1 Bb6 10. Nbd2 Ne7 11. Nf1 Ng6 12. Ng3 c6 13. Bb3 d5 14. exd5 Nxd5 15. Qc2
Re8 16. Bd2 Be6 17. Rad1 Qd6 18. Bc4 Rad8 19. Qb3 Qc7 20. Bc1 Ndf4 21. Bxe6 Nxe6
22. Qc4 Rd5 23. Qg4 Red8 24. Nf5 Rxd3 25. Rxd3 Rxd3 26. h4 h5 27. Qxh5 e4 28.
Ng5 Nxg5 29. Qxg5 Qd8 30. h5 Qxg5 31. Bxg5 Ne5 32. Rxe4 f6 33. Be3 Rd1+ 34. Kh2
Bxe3 35. Nxe3 Rd2 36. f4 Nd3 37. Nf5 Nc5 38. Re3 Kf8 39. Ne7 Rxb2 40. Ng6+ Kg8
41. Re8+ Kf7 42. Re7+ Kg8 43. f5 Kh7 44. Kh3 Kh6 45. Nf4 Rc2 46. Kg4 Rxc3 47.
Re8 Kh7 48. h6 gxh6 49. Re7+ Kg8 50. Kh5 Rc4 51. g3 Re4 52. Rc7 Kf8 53. Kxh6
Nxa4 54. Ne6+ Ke8 55. Kg6 Nb6 56. Rxb7 Nd5 57. Ng7+ Kd8 58. Ra7 Rg4+ 59. Kf7
Rxg3 60. Ne6+ Kc8 61. Nd4 Rc3 62. Ke6 Kb8 63. Rxa5 Kb7 64. Kd6 Rc4 65. Ne6 Kb6
66. Ra8 Kb7 67. Ra1 Kb6 68. Rb1+ Rb4 69. Rc1 Ne3 70. Rxc6+ Kb5 71. Rc5+ Ka4 72.
Ng7 Rb5 73. Rxb5 Kxb5 74. Ke6 Nxf5 1/2-1/2

[Event "World Blitz 2016"]
[Site "Doha QAT"]
[Date "2016.12.29"]
[Round "5.8"]
[White "Grischuk, Alexander"]
[Black "Salem, A.R. Saleh"]
[Result "0-1"]
[WhiteTitle "GM"]
[BlackTitle "GM"]
[WhiteElo "2737"]
[BlackElo "2656"]
[WhiteFideId "4126025"]
[BlackFideId "9301348"]
[EventDate "2016.12.29"]

1. Nf3 c5 2. c4 Nf6 3. b3 d5 4. cxd5 Nxd5 5. Bb2 Nc6 6. Nc3 Nf6 7. g3 e5 8. Bg2
Be7 9. O-O O-O 10. d3 Re8 11. Rc1 Bf5 12. Nd2 Rc8 13. Nde4 b6 14. a3 Nxe4 15.
dxe4 Qxd1 16. Rfxd1 Be6 17. Nd5 Bf8 18. e3 f6 19. Bc3 Red8 20. Be1 Ne7 21. f4
exf4 22. gxf4 Nxd5 23. exd5 Bg4 24. Rd3 f5 25. a4 Be2 26. Rd2 Ba6 27. Bh4 Rd7
28. Bh3 g6 29. e4 Bb7 30. Rcd1 Re8 31. e5 Bh6 32. Bg3 Rdd8 33. Rd3 Ba6 34. Rc3
Bb7 35. Bg2 g5 36. fxg5 Bxg5 37. e6 Bf6 38. Rcd3 Bd4+ 39. Rxd4 cxd4 40. d6 0-1

[Event "World Blitz 2016"]
[Site "Doha QAT"]
[Date "2016.12.29"]
[Round "5.10"]
[White "Wojtaszek, Radoslaw"]
[Black "Ivanchuk, Vassily"]
[Result "1/2-1/2"]
[WhiteTitle "GM"]
[BlackTitle "GM"]
[WhiteElo "2749"]
[BlackElo "2747"]
[WhiteFideId "1118358"]
[BlackFideId "14100010"]
[EventDate "2016.12.29"]

1. d4 e6 2. c4 f5 3. g3 Nf6 4. Bg2 Bb4+ 5. Nd2 a5 6. Nf3 O-O 7. O-O b6 8. Ne5
Ra7 9. Nd3 Be7 10. e4 fxe4 11. Nxe4 Bb7 12. Nxf6+ Bxf6 13. d5 Na6 14. Be3 Nb4
15. Nxb4 axb4 16. Qb3 Qa8 17. Rfd1 d6 18. Qxb4 Rxa2 19. Rxa2 Qxa2 20. dxe6 Bxg2
21. Kxg2 Qa8+ 22. Kg1 Qe4 23. b3 Qxe6 24. Qd2 Re8 25. Qd5 Kf8 26. Qxe6 Rxe6 27.
Kg2 Re8 28. Kf3 Kf7 29. Rd2 Ra8 30. Ke4 Ke6 31. f4 g6 32. g4 Kd7 33. h3 Re8+ 34.
Kf3 Ra8 35. Ke4 Re8+ 36. Kf3 Ra8 1/2-1/2

[Event "World Blitz 2016"]
[Site "Doha QAT"]
[Date "2016.12.29"]
[Round "5.12"]
[White "Bortnyk, Olexandr"]
[Black "Debashis, Das"]
[Result "1/2-1/2"]
[WhiteTitle "GM"]
[BlackTitle "GM"]
[WhiteElo "2581"]
[BlackElo "2472"]
[WhiteFideId "14120828"]
[BlackFideId "5024854"]
[EventDate "2016.12.29"]

1. e4 c5 2. Nf3 d6 3. c3 Nf6 4. Bd3 Nc6 5. h3 g6 6. Bc2 Bg7 7. O-O O-O 8. d4
cxd4 9. cxd4 d5 10. e5 Ne4 11. Nc3 Nxc3 12. bxc3 f6 13. exf6 exf6 14. Rb1 b6 15.
Re1 Qd6 16. Bd3 Be6 17. Qa4 Rfc8 18. Bf4 Qd7 19. Bb5 Bf5 20. Rb2 Bf8 21. Nh4 Be6
22. Rbe2 Bf7 23. Nf3 a6 24. Bd3 Ne5 25. Qxd7 Nxd7 26. Bd2 b5 27. g4 h6 28. h4 g5
29. Bf5 Rc7 30. hxg5 hxg5 31. Kg2 Nb6 32. Rh1 Re8 33. Rxe8 Bxe8 34. Ne1 Bd7 35.
Bh7+ Kg7 36. Bd3 Kg8 37. Bh7+ Kg7 38. Bb1 Kg8 39. Bh7+ Kf7 40. Bd3 Bxg4 41. f3
Be6 42. Nc2 Nc4 43. Be1 Bd6 44. Bf2 Nb2 45. Rh7+ Kg8 46. Rxc7 Bxc7 47. Be2 Na4
48. Be1 Ba5 49. Nb4 Bxb4 50. cxb4 Bf5 51. Kg3 Kf7 52. Bd1 Nb2 53. Bb3 Ke6 54.
Bd2 Nc4 55. Bc1 Nd6 56. a4 Bd3 57. axb5 axb5 58. Kf2 Nf5 59. Bb2 Ne7 60. Bc3 Ng6
61. Bd1 Nf4 62. Bd2 Kf5 63. Kg3 Ne6 64. Bc3 Nf4 65. Bd2 Nh5+ 66. Kf2 Ng7 67. Ke3
Bc4 68. Bc2+ Ke6 69. Kf2 Nf5 70. Bxf5+ Kxf5 71. Kg3 Bb3 72. Bc1 Bc4 73. Bd2 1/2-1/2

[Event "World Blitz 2016"]
[Site "Doha QAT"]
[Date "2016.12.29"]
[Round "5.13"]
[White "Adhiban, Baskaran"]
[Black "Moiseenko, Alexander"]
[Result "1-0"]
[WhiteTitle "GM"]
[BlackTitle "GM"]
[WhiteElo "2666"]
[BlackElo "2657"]
[WhiteFideId "5018471"]
[BlackFideId "14102560"]
[EventDate "2016.12.29"]

1. d4 Nf6 2. c4 e6 3. Nf3 Bb4+ 4. Nbd2 b6 5. a3 Bxd2+ 6. Qxd2 Bb7 7. g3 a5 8. b3
O-O 9. Bg2 d6 10. O-O Nbd7 11. Bb2 Qe7 12. Rfe1 Rfd8 13. Qc3 Be4 14. Bh3 c5 15.
Nd2 Bb7 16. e4 cxd4 17. Qxd4 h6 18. Bg2 e5 19. Qe3 Nc5 20. h3 Bc6 21. Kh2 b5 22.
Rac1 b4 23. a4 Re8 24. Rcd1 Rad8 25. f3 Qb7 26. Nf1 h5 27. Rb1 h4 28. g4 Nh7 29.
Bc1 Nf8 30. Rd1 Ng6 31. Qf2 Nxb3 32. Rxb3 Bxa4 33. Rdd3 Bxb3 34. Rxb3 a4 35. Rb1
b3 36. Ba3 Rd7 37. Ne3 Rc8 38. Bf1 Qb6 39. Kg1 Nf4 40. Nd5 Nxd5 41. exd5 Qxf2+
42. Kxf2 g6 43. Ke3 f5 44. gxf5 gxf5 45. Bd3 Rf8 46. c5 dxc5 47. Bb5 Rb7 48. Bc6
Rg7 49. Bxc5 Rb8 50. Bxa4 b2 51. d6 Kf7 52. d7 Kf6 53. Rxb2 f4+ 54. Ke4 Ra8 55.
Bc6 Rxd7 56. Bxd7 Ra3 57. Bxa3 1-0

[Event "World Blitz 2016"]
[Site "Doha QAT"]
[Date "2016.12.29"]
[Round "5.15"]
[White "Riazantsev, Alexander"]
[Black "Tomashevsky, Evgeny"]
[Result "1-0"]
[WhiteTitle "GM"]
[BlackTitle "GM"]
[WhiteElo "2671"]
[BlackElo "2716"]
[WhiteFideId "4125029"]
[BlackFideId "4147235"]
[EventDate "2016.12.29"]

1. d4 Nf6 2. c4 e6 3. Nf3 Bb4+ 4. Bd2 Qe7 5. g3 Bxd2+ 6. Qxd2 Nc6 7. b3 O-O 8.
Bg2 d6 9. Nc3 e5 10. O-O Bg4 11. dxe5 dxe5 12. Nd5 Nxd5 13. cxd5 Bxf3 14. Bxf3
Nd4 15. Bg2 Nb5 16. Rac1 f5 17. d6 Qxd6 18. Qd5+ Qxd5 19. Bxd5+ Kh8 20. Bxb7
Rab8 21. Ba6 Rf7 22. Rc5 c6 23. Rxe5 Nc3 24. Bc4 Rff8 25. Ra5 Rb7 26. Rc1 Ne4
27. Rd1 g6 28. Ra6 Rc8 29. Be6 Rcc7 30. Rd8+ Kg7 31. Bc4 Rb6 32. Ra5 Kf6 33. f3
Ng5 34. h4 Nf7 35. Rf8 Rbb7 36. Ra6 Rb6 1-0

[Event "World Blitz 2016"]
[Site "Doha QAT"]
[Date "2016.12.29"]
[Round "5.16"]
[White "Onischuk, Vladimir"]
[Black "Jakovenko, Dmitry"]
[Result "1-0"]
[WhiteTitle "GM"]
[BlackTitle "GM"]
[WhiteElo "2601"]
[BlackElo "2704"]
[WhiteFideId "14114038"]
[BlackFideId "4122356"]
[EventDate "2016.12.29"]

1. e4 e5 2. Nf3 Nc6 3. Bb5 Nf6 4. O-O Nxe4 5. Qe2 Nd6 6. Bxc6 dxc6 7. Qxe5+ Qe7
8. Qa5 Qd8 9. Qc3 Be6 10. d3 Qd7 11. Ne5 Qd8 12. Re1 Be7 13. Bf4 O-O 14. Nf3 Bd5
15. Nbd2 Nb5 16. Qa5 Nd6 17. c4 Bxf3 18. Nxf3 Bf6 19. Re2 Qd7 20. Rae1 b6 21.
Qa4 Nf5 22. h3 b5 23. Qc2 Nd4 24. Nxd4 Qxd4 25. Bxc7 h6 26. b3 a5 27. Re4 Qd7
28. Be5 Bxe5 29. Rxe5 a4 30. b4 Rad8 31. R1e3 bxc4 32. dxc4 Qd1+ 33. Qxd1 Rxd1+
34. Kh2 Rb1 35. a3 Rd8 36. Rc5 Rd2 37. Kg3 Rd6 38. Ra5 h5 39. Rxh5 Rc1 40. Rc5
Rg6+ 41. Kh2 Rf6 42. Rf3 Rxf3 43. gxf3 Rc3 44. Rxc6 Rxf3 45. Kg2 Rxa3 46. b5 Rb3
47. Ra6 Rb4 48. b6 Kf8 49. c5 Ke7 50. c6 a3 51. c7 Kd7 52. Ra8 1-0

[Event "World Blitz 2016"]
[Site "Doha QAT"]
[Date "2016.12.29"]
[Round "5.17"]
[White "Melkumyan, Hrant"]
[Black "Pichot, Alan"]
[Result "1-0"]
[WhiteTitle "GM"]
[BlackTitle "GM"]
[WhiteElo "2633"]
[BlackElo "2544"]
[WhiteFideId "13302485"]
[BlackFideId "110973"]
[EventDate "2016.12.29"]

1. Nf3 Nf6 2. c4 g6 3. Nc3 Bg7 4. g3 O-O 5. Bg2 d6 6. d4 Nc6 7. O-O a6 8. Qd3
Rb8 9. d5 Nb4 10. Qd1 a5 11. e4 e5 12. Ne1 Nd7 13. a3 Na6 14. Nd3 Ndc5 15. Nxc5
Nxc5 16. b4 axb4 17. axb4 Na6 18. Qb3 f5 19. exf5 gxf5 20. f4 Bd7 21. fxe5 Bxe5
22. Bf4 Qf6 23. Bxe5 Qxe5 24. Kh1 Rbe8 25. Rf4 Qe3 26. Raf1 Re5 27. Qb2 Rf6 28.
Nb5 Rh6 29. R4f3 Qg5 30. Nd4 Qh5 31. h4 Qg4 32. Kh2 Rf6 33. Rf4 Qg7 34. Ne6 Bxe6
35. dxe6 c6 36. Bh3 Re3 37. R4f3 Rxf3 38. Rxf3 Rxe6 39. Qd2 Qe5 40. Qg5+ Rg6 41.
Qxf5 Qxf5 42. Bxf5 Rh6 43. Rb3 d5 44. c5 Rf6 45. Bc8 Nc7 46. Bxb7 Nb5 47. Ba6
Nd4 48. Rb2 Nf3+ 49. Kg2 Ne5 50. b5 Nc4 51. Re2 cxb5 52. Bxb5 Kg7 53. Bxc4 dxc4
54. Rc2 Rc6 55. Rxc4 Kf6 56. g4 Ke5 57. Kg3 Kd5 58. Rc1 Ke5 59. Rc2 h6 60. Rc1
Ke4 61. Rc3 Ke5 62. Rf3 Ra6 63. h5 Ke4 64. Rc3 Kd4 65. Rc1 Rc6 66. g5 hxg5 67.
Kg4 Ke5 68. Kxg5 Rc8 69. c6 Rg8+ 70. Kh4 Kf6 71. c7 Rc8 72. Rc6+ Kg7 73. h6+ Kf7
74. Kh5 Kg8 75. Kg6 1-0

[Event "World Blitz 2016"]
[Site "Doha QAT"]
[Date "2016.12.29"]
[Round "5.18"]
[White "Zhigalko, Sergei"]
[Black "Bu, Xiangzhi"]
[Result "0-1"]
[WhiteTitle "GM"]
[BlackTitle "GM"]
[WhiteElo "2671"]
[BlackElo "2705"]
[WhiteFideId "13502956"]
[BlackFideId "8601445"]
[EventDate "2016.12.29"]

1. e4 e5 2. Nf3 Nc6 3. Bb5 a6 4. Ba4 Nf6 5. O-O Bc5 6. Nc3 O-O 7. Bxc6 dxc6 8.
Nxe5 Bd4 9. Nf3 Bxc3 10. dxc3 Nxe4 11. Qxd8 Rxd8 12. Bf4 Nd6 13. Rfe1 Bf5 14.
Re7 Rd7 15. Rxd7 Bxd7 16. Bxd6 cxd6 17. Rd1 d5 18. c4 Be6 19. c5 Bg4 20. Rd3
Bxf3 21. Rxf3 Re8 22. Kf1 f6 23. Rb3 Re7 24. Rb4 Kf7 25. h4 Ke8 26. g3 Kd8 27.
a4 a5 28. Rg4 Kc7 29. h5 b6 30. cxb6+ Kxb6 31. c3 c5 32. b3 Kc6 33. Rf4 Kd6 34.
h6 Ke5 35. hxg7 Rxg7 36. Rh4 Rb7 37. Ke2 Rxb3 38. Kd3 d4 39. Re4+ 0-1

[Event "World Blitz 2016"]
[Site "Doha QAT"]
[Date "2016.12.29"]
[Round "5.19"]
[White "Morozevich, Alexander"]
[Black "Bologan, Victor"]
[Result "1-0"]
[WhiteTitle "GM"]
[BlackTitle "GM"]
[WhiteElo "2676"]
[BlackElo "2640"]
[WhiteFideId "4116992"]
[BlackFideId "13900048"]
[EventDate "2016.12.29"]

1. e4 c5 2. Nf3 d6 3. d4 cxd4 4. Nxd4 Nf6 5. Nc3 a6 6. Be3 e5 7. Nb3 Be6 8. Qd2
Nbd7 9. O-O-O b5 10. f4 Rb8 11. f5 Bc4 12. g4 Nxg4 13. Rg1 h5 14. Kb1 Nxe3 15.
Qxe3 Qb6 16. Qg3 Nf6 17. Nd2 h4 18. Qg2 h3 19. Qg3 Bxf1 20. Rgxf1 Rc8 21. a3 Qc6
22. Qd3 Rh4 23. Rf3 Qc5 24. Rxh3 Rxh3 25. Qxh3 a5 26. Qd3 b4 27. axb4 axb4 28.
Nd5 Nxd5 29. exd5 Ra8 30. Ne4 Qa5 31. Kc1 g6 32. Rf1 Qa1+ 33. Kd2 Qxb2 34. fxg6
fxg6 35. Qb5+ 1-0

[Event "World Blitz 2016"]
[Site "Doha QAT"]
[Date "2016.12.29"]
[Round "5.20"]
[White "Dreev, Aleksey"]
[Black "Nguyen, Ngoc Truong Son"]
[Result "1/2-1/2"]
[WhiteTitle "GM"]
[BlackTitle "GM"]
[WhiteElo "2652"]
[BlackElo "2629"]
[WhiteFideId "4100107"]
[BlackFideId "12401110"]
[EventDate "2016.12.29"]

1. d4 Nf6 2. Nf3 e6 3. c4 d5 4. Nc3 Bb4 5. cxd5 exd5 6. Bg5 Qd6 7. Nd2 Bf5 8. e3
c6 9. Qb3 Ne4 10. Ndxe4 Bxe4 11. a3 Bxc3+ 12. Qxc3 Nd7 13. Bf4 Qe7 14. f3 Bg6
15. Be2 O-O 16. O-O Rfe8 17. Rfe1 Nf6 18. g4 h5 19. g5 Nh7 20. h4 Nf8 21. Qb4
Qd7 22. Kg2 Bf5 23. Kf2 Ng6 24. Bg3 Re6 25. Bf1 Rae8 26. Bg2 Ne7 27. Bf4 Nc8 28.
Qc5 b6 29. Qc3 a5 30. b3 Qa7 31. Rac1 a4 32. b4 b5 33. Qc5 Bg6 34. Qxa7 Nxa7 35.
Bh3 R6e7 36. Bd6 Rb7 37. Bc5 Nc8 38. e4 dxe4 39. fxe4 Nb6 40. Bxb6 Rxb6 41. e5
Bd3 42. Ke3 Bc4 43. Bf1 Bd5 44. Be2 g6 45. Bf3 Bxf3 46. Kxf3 Re6 47. Ke4 Kf8 48.
Rf1 Ke8 49. Rf6 Rxf6 50. gxf6 Kd7 51. d5 cxd5+ 52. Kxd5 Ra6 53. Rc5 Rb6 54. Rc3
Ra6 55. Rd3 Rc6 56. Rd4 Rc3 57. Ke4+ Ke8 58. Rd5 Rxa3 59. Rxb5 Rb3 60. Kd5 a3
61. Ra5 Rxb4 62. Rxa3 Rb5+ 63. Kd6 Rb8 64. e6 fxe6 65. Ra7 Rb6+ 66. Ke5 Kf8 67.
Rg7 Rb5+ 68. Kxe6 Rb6+ 69. Ke5 Rb5+ 70. Ke6 Rb6+ 1/2-1/2

[Event "World Blitz 2016"]
[Site "Doha QAT"]
[Date "2016.12.29"]
[Round "5.22"]
[White "Mamedov, Rauf"]
[Black "Inarkiev, Ernesto"]
[Result "1-0"]
[WhiteTitle "GM"]
[BlackTitle "GM"]
[WhiteElo "2688"]
[BlackElo "2709"]
[WhiteFideId "13401653"]
[BlackFideId "4162722"]
[EventDate "2016.12.29"]

1. e4 e5 2. Nc3 Nf6 3. g3 Bc5 4. Bg2 d6 5. h3 a6 6. d3 Nc6 7. Nge2 O-O 8. O-O b5
9. a3 Rb8 10. Kh2 a5 11. f4 b4 12. axb4 axb4 13. Nb1 exf4 14. Nxf4 Nd4 15. Nd2
Bb7 16. c3 bxc3 17. bxc3 Ne6 18. Nd5 Nd7 19. d4 Bb6 20. Nc4 c6 21. Ndxb6 Nxb6
22. Ne3 Ra8 23. Rxa8 Qxa8 24. Nf5 Nc4 25. d5 cxd5 26. exd5 Kh8 27. Rf2 Ne5 28.
Nxd6 Nc5 29. c4 Ncd3 30. Rf1 Ba6 31. Nxf7+ Rxf7 32. Rxf7 Nxf7 33. Qxd3 Ne5 34.
Qd4 Nxc4 35. d6 Qd8 36. Bh6 Qf6 37. Qxf6 gxf6 38. d7 1-0

[Event "World Blitz 2016"]
[Site "Doha QAT"]
[Date "2016.12.29"]
[Round "5.23"]
[White "Amonatov, Farrukh"]
[Black "Grandelius, Nils"]
[Result "1-0"]
[WhiteTitle "GM"]
[BlackTitle "GM"]
[WhiteElo "2620"]
[BlackElo "2643"]
[WhiteFideId "14700077"]
[BlackFideId "1710400"]
[EventDate "2016.12.29"]

1. e4 c5 2. Nf3 d6 3. d4 cxd4 4. Nxd4 Nf6 5. Nc3 a6 6. Bc4 e6 7. a3 Be7 8. Ba2
Nc6 9. Be3 Bd7 10. f4 Rc8 11. O-O O-O 12. f5 Nxd4 13. Qxd4 e5 14. Qd3 h6 15. Kh1
Rxc3 16. Qxc3 Nxe4 17. Qd3 Nf6 18. Rad1 Qc7 19. Bf2 Rc8 20. c4 Bc6 21. Bh4 Rd8
22. Qe2 Ne4 23. Bxe7 Qxe7 24. Bb1 Nf6 25. Rfe1 b5 26. c5 dxc5 27. Qxe5 Qf8 28.
Qc7 Rc8 29. Qd6 c4 30. Qxf8+ Kxf8 31. Rd6 a5 32. Kg1 b4 33. axb4 axb4 34. Rd4
Bd5 35. h3 c3 36. Rxb4 c2 37. Bxc2 1-0

[Event "World Blitz 2016"]
[Site "Doha QAT"]
[Date "2016.12.29"]
[Round "5.24"]
[White "Bindrich, Falko"]
[Black "Lu, Shanglei"]
[Result "0-1"]
[WhiteTitle "GM"]
[BlackTitle "GM"]
[WhiteElo "2590"]
[BlackElo "2627"]
[WhiteFideId "4676670"]
[BlackFideId "8603332"]
[EventDate "2016.12.29"]

1. d4 d5 2. c4 e6 3. Nc3 c6 4. e3 Nf6 5. Nf3 Nbd7 6. Qc2 Bd6 7. b3 O-O 8. Be2
dxc4 9. bxc4 e5 10. O-O Re8 11. a4 exd4 12. exd4 Nf8 13. h3 Ng6 14. a5 Bd7 15.
c5 Bc7 16. a6 b6 17. Rd1 Qc8 18. d5 Bf5 19. Qa2 cxd5 20. Bg5 Ne4 21. Nxd5 bxc5
22. Bc4 Be6 23. Be3 Bd6 24. Rac1 Rb8 25. Ng5 Nxg5 26. Bxg5 Ne5 27. Qc2 Nxc4 28.
Qxc4 Qc6 29. Qd3 Bf8 30. Nf6+ gxf6 31. Bxf6 Bg4 32. Ba1 Bxd1 33. Qc3 f6 34. Rxd1
Bg7 35. Qg3 Rbd8 36. Rb1 Qxa6 37. h4 Qd3 0-1

[Event "World Blitz 2016"]
[Site "Doha QAT"]
[Date "2016.12.29"]
[Round "5.25"]
[White "Quparadze, Giga"]
[Black "Leko, Peter"]
[Result "1/2-1/2"]
[WhiteTitle "IM"]
[BlackTitle "GM"]
[WhiteElo "2481"]
[BlackElo "2693"]
[WhiteFideId "13602250"]
[BlackFideId "703303"]
[EventDate "2016.12.29"]

1. e4 e5 2. Nf3 Nc6 3. Bb5 Nf6 4. d3 Bc5 5. Bxc6 dxc6 6. O-O Nd7 7. Nbd2 O-O 8.
Nc4 Re8 9. b3 f6 10. Bb2 Bf8 11. Kh1 Nc5 12. Ng1 a5 13. a4 Ne6 14. Ne2 c5 15. f4
exf4 16. Nxf4 Nd4 17. Ne3 b6 18. Qd2 Qd7 19. Ned5 Qf7 20. Qf2 Nc6 21. Qg3 Kh8
22. Qf3 Ne5 23. Qf2 Bd6 24. Ne3 Ng4 25. Nxg4 Bxg4 26. Qh4 Be6 27. Nh5 Be7 28.
Nf4 Rad8 29. Nxe6 Qxe6 30. Rf5 Qf7 31. Qf2 Qg6 32. Rf1 Bd6 33. Qf3 h6 34. g4 Re6
35. h4 Rde8 36. h5 Qh7 37. Rd5 Qg8 38. Rf5 Be5 39. Bc1 R6e7 40. Qh3 Re6 41. R1f3
R6e7 42. Rf1 Qe6 43. Qf3 Qd6 44. Be3 Qe6 45. Qd1 Qd6 46. Qc1 Kh7 47. Bf4 c6 48.
Bxe5 Rxe5 49. Qf4 b5 50. Ra1 Qd4 51. Qf1 c4 52. axb5 cxb5 53. Rxa5 cxb3 54. cxb3
Rd8 55. Rxe5 Qxe5 56. Qf5+ Qxf5 57. gxf5 Rxd3 58. Rxb5 Rh3+ 59. Kg2 Rxh5 60. Rd5
Rh4 61. Rd4 Rg4+ 62. Kf2 Rf4+ 63. Ke2 h5 64. b4 h4 65. b5 h3 66. Ke3 Rf1 67. Rd2
Rb1 68. Rh2 Kg8 69. Kf4 Rb3 70. Kg4 Rxb5 71. Rxh3 Rb4 72. Kf4 Rb1 73. Ra3 Kh7
74. Rh3+ Kg8 75. Ra3 Rf1+ 76. Kg4 Kh7 77. Rh3+ Kg8 78. Ra3 Rg1+ 79. Kf4 Kf7 80.
Ra7+ Kf8 81. Ra8+ Ke7 82. Ra7+ Kf8 83. Rd7 1/2-1/2

[Event "World Blitz 2016"]
[Site "Doha QAT"]
[Date "2016.12.29"]
[Round "5.28"]
[White "Bosiocic, Marin"]
[Black "Maghsoodloo, Parham"]
[Result "1-0"]
[WhiteTitle "GM"]
[BlackTitle "GM"]
[WhiteElo "2591"]
[BlackElo "2584"]
[WhiteFideId "14507927"]
[BlackFideId "12539929"]
[EventDate "2016.12.29"]

1. e4 c5 2. Nf3 d6 3. d4 cxd4 4. Nxd4 Nf6 5. Nc3 a6 6. Bg5 e6 7. f4 h6 8. Bh4
Qb6 9. Qd3 Nbd7 10. O-O-O Be7 11. Be2 Qc7 12. Qg3 Rg8 13. Bxf6 Bxf6 14. Kb1 Nc5
15. f5 Be5 16. Qh3 Bd7 17. fxe6 Nxe6 18. Nd5 Qc5 19. Nb3 Qa7 20. Bg4 Rf8 21.
Rhf1 O-O-O 22. Qf3 Kb8 23. a4 Bxa4 24. Bxe6 Bxh2 25. Bh3 Be5 26. Qd3 Bb5 27. c4
Ba4 28. Rd2 b5 29. Na5 Qc5 30. b4 bxc4 31. bxc5 cxd3 32. c6 Ka7 33. c7 Ra8 34.
c8=Q Raxc8 35. Bxc8 f6 36. Bb7 Bc2+ 37. Rxc2 dxc2+ 38. Kxc2 Rf7 39. Rb1 1-0

[Event "World Blitz 2016"]
[Site "Doha QAT"]
[Date "2016.12.29"]
[Round "5.29"]
[White "Belyakov, Bogdan"]
[Black "Howell, David W L"]
[Result "0-1"]
[WhiteTitle "IM"]
[BlackTitle "GM"]
[WhiteElo "2487"]
[BlackElo "2644"]
[WhiteFideId "24104795"]
[BlackFideId "410608"]
[EventDate "2016.12.29"]

1. e4 c6 2. d4 d5 3. Nc3 b5 4. a3 dxe4 5. Nxe4 Nf6 6. Bd3 g6 7. Bg5 Bg7 8. Nf3
O-O 9. Qd2 Bf5 10. Nxf6+ exf6 11. Be3 Bxd3 12. Qxd3 Nd7 13. d5 c5 14. Qxb5 Rb8
15. Qa4 Rxb2 16. O-O Nb6 17. Qxa7 Qxd5 18. Rab1 Ra8 19. Qxa8+ Qxa8 20. Rxb2 Nc4
21. Rb3 Nxe3 22. Rxe3 f5 23. Rfe1 Qa4 24. Re8+ Bf8 25. Rc8 Kg7 26. h4 Qxc2 27.
Rd8 c4 28. Rc8 Bxa3 29. Rc7 Bd6 30. Rc6 Bb4 31. Re8 c3 32. Rec8 Qd1+ 33. Kh2
Bd6+ 34. g3 Qxf3 35. Rxd6 Qxf2+ 36. Kh3 Qf1+ 37. Kh2 Qe2+ 38. Kh3 Qe1 39. Kh2 f4
40. gxf4 Qxh4+ 41. Kg2 Qg4+ 0-1

[Event "World Blitz 2016"]
[Site "Doha QAT"]
[Date "2016.12.29"]
[Round "5.30"]
[White "Kozul, Zdenko"]
[Black "Svane, Rasmus"]
[Result "0-1"]
[WhiteTitle "GM"]
[BlackTitle "GM"]
[WhiteElo "2613"]
[BlackElo "2555"]
[WhiteFideId "14502879"]
[BlackFideId "4657101"]
[EventDate "2016.12.29"]

1. Nf3 d5 2. g3 g6 3. Bg2 Bg7 4. O-O e5 5. d3 Ne7 6. c4 d4 7. e3 O-O 8. exd4
exd4 9. b4 a5 10. b5 Re8 11. Ba3 Nd7 12. Nbd2 Rb8 13. Re1 Nf5 14. Nb3 a4 15.
Rxe8+ Qxe8 16. Nbd2 b6 17. Qxa4 Bb7 18. Qc2 Ra8 19. Bb4 Bf8 20. Bxf8 Qxf8 21. a4
Qb4 22. Bh3 Qc3 23. Rc1 Qxc2 24. Rxc2 Nc5 25. Bxf5 gxf5 26. Nxd4 Rxa4 27. f3 f4
28. Kf2 fxg3+ 29. hxg3 Nxd3+ 30. Ke3 Ra3 31. Nb1 Ra1 32. Kxd3 Rxb1 33. c5 Bd5
34. cxb6 cxb6 35. Rc8+ Kg7 36. Rb8 Rd1+ 37. Ke3 Re1+ 38. Kf4 Rd1 39. Nf5+ Kf6
40. Rxb6+ Be6 41. g4 h6 42. Nxh6 Rd4+ 43. Kg3 Kg5 44. Ng8 Rd7 45. Rb8 Kg6 46. b6
Bd5 47. Re8 Kg7 48. Ne7 Bb7 49. Nf5+ Kf6 50. Rb8 Bc6 51. Kf4 Rd3 52. g5+ Ke6 53.
b7 Rxf3+ 54. Kg4 Rxf5 55. Re8+ Bxe8 56. b8=Q Bd7 57. Kh5 Ke7 58. Kh6 Be6 59.
Qb4+ Kd7 60. Qd2+ Rd5 61. Qf4 Rf5 62. Qe3 Rd5 63. Kg7 Rf5 64. Kf8 Rd5 65. Qa7+
Kd6 66. Qe7+ Ke5 67. Qf6+ Kd6 68. Ke8 Rc5 69. Qf4+ Kd5 70. Ke7 Rc6 71. Qb8 Ke4
72. Qb7 Bd5 73. Qb1+ Ke5 74. Kf8 Rg6 75. Qc1 Be6 76. Qe3+ Kf5 77. Ke7 Rxg5 78.
Qe5+ Kxe5 0-1

[Event "World Blitz 2016"]
[Site "Doha QAT"]
[Date "2016.12.29"]
[Round "5.31"]
[White "Vallejo Pons, Francisco"]
[Black "Aleksandrov, Aleksej"]
[Result "1/2-1/2"]
[WhiteTitle "GM"]
[BlackTitle "GM"]
[WhiteElo "2711"]
[BlackElo "2574"]
[WhiteFideId "2205530"]
[BlackFideId "13500139"]
[EventDate "2016.12.29"]

1. e4 e5 2. Nf3 Nc6 3. Bb5 Nf6 4. Nc3 Nd4 5. Ba4 c6 6. d3 Nxf3+ 7. Qxf3 Be7 8.
Bb3 O-O 9. O-O d6 10. Qe2 Nd7 11. f4 Nc5 12. Be3 Nxb3 13. axb3 exf4 14. Rxf4 Bg5
15. Rf2 Bxe3 16. Qxe3 a6 17. Raf1 Qe7 18. Rf4 b5 19. Ne2 a5 20. Nd4 Bd7 21. Qg3
Qe5 22. c3 a4 23. bxa4 bxa4 24. Qf2 Qe7 25. g4 a3 26. bxa3 Rxa3 27. Qb2 Raa8 28.
Nf5 Bxf5 29. gxf5 Qf6 30. d4 Ra7 31. Kh1 Rfa8 32. Qg2 Ra3 33. Qg3 Ra1 34. Rf2 h6
35. e5 dxe5 36. dxe5 Qg5 37. Qxg5 hxg5 38. Kg2 Rxf1 39. Rxf1 Ra5 40. Re1 Kf8 41.
Kf3 Ra4 42. Re4 Ra2 43. Rc4 Rxh2 44. Rxc6 Rh4 45. Ke3 Rf4 46. f6 gxf6 47. exf6
Ke8 48. Rd6 Rf1 49. c4 g4 50. Rd4 Rxf6 51. Rxg4 1/2-1/2

[Event "World Blitz 2016"]
[Site "Doha QAT"]
[Date "2016.12.29"]
[Round "5.32"]
[White "Li, Chao b"]
[Black "Salinas Herrera, Pablo"]
[Result "1-0"]
[WhiteTitle "GM"]
[BlackTitle "IM"]
[WhiteElo "2720"]
[BlackElo "2466"]
[WhiteFideId "8604436"]
[BlackFideId "3407128"]
[EventDate "2016.12.29"]

1. d4 d5 2. c4 c6 3. cxd5 cxd5 4. Bf4 Nc6 5. e3 Nf6 6. Nc3 Bf5 7. Qb3 Na5 8.
Bb5+ Bd7 9. Qd1 Rc8 10. Bxd7+ Qxd7 11. Nf3 Nc4 12. Ne5 Nxe5 13. dxe5 Ne4 14. e6
fxe6 15. Nxe4 dxe4 16. O-O Qxd1 17. Rfxd1 g6 18. Rac1 Rc6 19. Rxc6 bxc6 20. Be5
Rg8 21. Rd4 Bh6 22. Ra4 Kf7 23. Kf1 Ra8 24. Ke2 Bg5 25. Rxe4 Bf6 26. Bxf6 exf6
27. Rb4 Re8 28. Kd3 Re7 29. Kc3 Rc7 30. Rd4 Ke7 31. Kc4 Rb7 32. b3 Rb5 33. a4
Rh5 34. h3 Rf5 35. f3 Re5 36. e4 f5 37. b4 fxe4 38. fxe4 Rg5 39. Rd2 h5 40. b5
cxb5+ 41. axb5 Re5 42. Ra2 Rxe4+ 43. Kc5 Kf6 44. Rxa7 Re2 45. Ra4 Rc2+ 46. Rc4
Rxg2 47. b6 Rb2 48. Rb4 Rc2+ 49. Kd6 Rd2+ 50. Kc7 Rc2+ 51. Kd7 Rd2+ 52. Ke8 Rf2
53. b7 Kg7 54. b8=Q Rf8+ 55. Ke7 Rxb8 56. Rxb8 1-0